Vybrané problémy zrušenia podniku bez likvidácie (zlúčenie, splynutie a rozdelenie spoločností) dizertačná práca

Gespeichert in:
Bibliographische Detailangaben
1. Verfasser: Fabian, Peter
Körperschaft: Ekonomická univerzita v Bratislave. Fakulta podnikového manažmentu
Weitere Verfasser: Majdúchová, Helena, 1963-
Format: Buch
Sprache:Slowakisch
Veröffentlicht: Bratislava 2009
Schlagworte:
Tags: Tag hinzufügen
Keine Tags, Fügen Sie das erste Tag hinzu!

MARC

LEADER 00000nam$a2200000$$$4500
001 0098312
005 20240502072103.4
041 0 |a slo 
044 |a SK 
245 1 0 |a Vybrané problémy zrušenia podniku bez likvidácie (zlúčenie, splynutie a rozdelenie spoločností)  |b dizertačná práca  |c Peter Fabian ; škol. Helena Majdúchová 
264 1 |a Bratislava  |c 2009 
300 |a 138 s. 
610 2 0 |a zrušenie podniku 
610 2 0 |a likvidácia podniku 
100 1 |a Fabian, Peter 
700 1 |a Majdúchová, Helena, 1963- 
710 2 |a Ekonomická univerzita v Bratislave. Fakulta podnikového manažmentu